[Event "Paracin op 01"]
[Site "Paracin"]
[Date "2022.01.23"]
[Round "9"]
[White "Popovic, Dobrivoj"]
[Black "Dimkovski, Stojancho"]
[Result "0-1"]
[WhiteElo "1781"]
[BlackElo "1968"]
[PlyCount "50"]
[EventDate "2022.01.17"]
[EventType "swiss"]
[EventRounds "9"]
[EventCountry "SRB"]
[SourceTitle "CBM 206 Extra"]
[Source "ChessBase"]
[SourceDate "2022.03.31"]
[SourceVersion "1"]
[SourceVersionDate "2022.03.31"]
[SourceQuality "1"]

1. Nf3 c5 2. g3 Nc6 3. Bg2 Nf6 4. 0-0 g6 5. b3 Bg7 6. Bb2 0-0 7. c4 a6 8. Nc3 Rb8 9. d4 cxd4 10. Nxd4 Nxd4 11. Qxd4 d6 12. Qd3 Be6 13. e4 Qa5 14. Nd5 Nxd5 15. Bxg7 Nf4 16. Bc3 Qxc3 17. Qxc3 Ne2+ 18. Kh1 Nxc3 19. Rfc1 Ne2 20. Rd1 b5 21. Rd2 Nc3 22. Rc1 b4 23. a3 a5 24. axb4 axb4 25. Ra1 Ra8 0-1

[Event "Paracin op 01"]
[Site "Paracin"]
[Date "2022.01.22"]
[Round "8"]
[White "Mijajlovic, Jovan"]
[Black "Popovic, Dobrivoj"]
[Result "0-1"]
[WhiteElo "1869"]
[BlackElo "1781"]
[PlyCount "62"]
[EventDate "2022.01.17"]
[EventType "swiss"]
[EventRounds "9"]
[EventCountry "SRB"]
[SourceTitle "CBM 206 Extra"]
[Source "ChessBase"]
[SourceDate "2022.03.31"]
[SourceVersion "1"]
[SourceVersionDate "2022.03.31"]
[SourceQuality "1"]

1. e4 c5 2. Nf3 a6 3. Be2 Nc6 4. 0-0 d6 5. d4 cxd4 6. Nxd4 Nf6 7. Nc3 e6 8. Kh1 Be7 9. g4 h6 10. f4 Qb6 11. Nxc6 bxc6 12. Bf3 d5 13. e5 Nd7 14. Na4 Qc7 15. c4 Bb7 16. Be3 dxc4 17. Rc1 Rd8 18. Qe2 c5 19. Rxc4 Bd5 20. b3 Bxc4 21. Qxc4 a5 22. Bc1 0-0 23. Bb2 Nb6 24. Nxb6 Qxb6 25. f5 Qb4 26. Qc1 Bg5 27. Qb1 Qd2 28. f6 Bh4 29. Bg2 g5 30. Bc1 Qd3 31. Qxd3 Rxd3 0-1

[Event "Paracin op 01"]
[Site "Paracin"]
[Date "2022.01.21"]
[Round "7"]
[White "Popovic, Dobrivoj"]
[Black "Petrovic, Petar R"]
[Result "1/2-1/2"]
[WhiteElo "1781"]
[BlackElo "1997"]
[PlyCount "58"]
[EventDate "2022.01.17"]
[EventType "swiss"]
[EventRounds "9"]
[EventCountry "SRB"]
[SourceTitle "CBM 206 Extra"]
[Source "ChessBase"]
[SourceDate "2022.03.31"]
[SourceVersion "1"]
[SourceVersionDate "2022.03.31"]
[SourceQuality "1"]

1. e4 e5 2. Nf3 d6 3. c4 c5 4. Nc3 f5 5. d3 Nf6 6. Bg5 Be7 7. Be2 0-0 8. Qd2 Nc6 9. Bxf6 Bxf6 10. Nd5 f4 11. 0-0-0 Bg4 12. Kb1 a6 13. h3 Bxf3 14. Bxf3 Nd4 15. Bg4 b5 16. Nc3 Bg5 17. Bf3 Rb8 18. Ne2 Nc6 19. Ka1 Nb4 20. Nc1 Qb6 21. h4 Bh6 22. Qc3 a5 23. a3 Nc6 24. cxb5 Qxb5 25. Qc4+ Rf7 26. Qxb5 Rxb5 27. Ne2 Rfb7 28. Rb1 Re7 29. Ka2 Nd4 1/2-1/2

[Event "Paracin op 01"]
[Site "Paracin"]
[Date "2022.01.18"]
[Round "2"]
[White "Zlatkov, Anton"]
[Black "Popovic, Dobrivoj"]
[Result "1-0"]
[WhiteElo "2014"]
[BlackElo "1781"]
[PlyCount "74"]
[EventDate "2022.01.17"]
[EventType "swiss"]
[EventRounds "9"]
[EventCountry "SRB"]
[SourceTitle "CBM 206 Extra"]
[Source "ChessBase"]
[SourceDate "2022.03.31"]
[SourceVersion "1"]
[SourceVersionDate "2022.03.31"]
[SourceQuality "1"]

1. e4 g6 2. d4 Bg7 3. Nc3 d6 4. h3 Nf6 5. Nf3 c6 6. a4 0-0 7. Be3 Qa5 8. Nd2 Be6 9. Bd3 Na6 10. 0-0 Nb4 11. Be2 Qc7 12. f4 c5 13. d5 Bd7 14. Nc4 Rad8 15. Bf3 a6 16. Ne2 e6 17. Bf2 exd5 18. exd5 Rde8 19. Ne3 a5 20. Nc3 Re7 21. g4 h6 22. Nc4 Rfe8 23. Nb5 Bxb5 24. axb5 Ne4 25. c3 Nxf2 26. Kxf2 Re4 27. Bxe4 Rxe4 28. Kf3 Qe7 29. Re1 Qh4 30. Rxe4 Qxh3+ 31. Kf2 Qh4+ 32. Ke3 Qg3+ 33. Qf3 Qh2 34. cxb4 Qc2 35. Qe2 Bd4+ 36. Kf3 Qb3+ 37. Kg2 Qxb4 1-0

[Event "Backa Palanka op 2nd"]
[Site "Backa Palanka"]
[Date "2001.05.07"]
[Round "6"]
[White "Pap, Misa"]
[Black "Popovic, Dobrivoj"]
[Result "1-0"]
[WhiteElo "2416"]
[BlackElo "2194"]
[PlyCount "91"]
[EventDate "2001.05.02"]
[EventType "swiss"]
[EventRounds "9"]
[EventCountry "YUG"]
[SourceTitle "EXT 2002"]
[Source "ChessBase"]
[SourceDate "2001.11.25"]
[SourceVersion "1"]
[SourceVersionDate "2001.11.25"]
[SourceQuality "1"]

1. e4 c5 2. c3 Qc7 3. d4 d6 4. Nf3 Nf6 5. Bd3 e5 6. dxe5 dxe5 7. Bg5 Be7 8. Na3 Nc6 9. Bxf6 Bxf6 10. Nc2 Be6 11. Ne3 Rd8 12. Qe2 0-0 13. Bc4 Bxc4 14. Qxc4 Ne7 15. 0-0 g6 16. Rad1 Bg7 17. Rxd8 Rxd8 18. Ng5 Nc8 19. Nd5 Nb6 20. Nxb6 axb6 21. Nf3 Qd7 22. h3 Bf6 23. a4 Qd3 24. Qxd3 Rxd3 25. Ra1 Rd6 26. Kf1 Kf8 27. Ke2 Ke7 28. Nd2 Ke6 29. Nc4 Rc6 30. Kd3 Kd7 31. Kc2 Re6 32. Rd1+ Kc6 33. Rd5 Kc7 34. a5 bxa5 35. Rxc5+ Rc6 36. Rxc6+ bxc6 37. Nxa5 Bh4 38. g3 Be7 39. b4 f6 40. Kb3 Kb6 41. Ka4 Bf8 42. g4 Be7 43. Nb3 Ka6 44. c4 Bf8 45. c5 Be7 46. Na5 1-0